000 00570nam a2200169Ia 4500
003 GCL
008 140319s9999 xx 000 0 ara d
040 _aGCL /
_cGCL
082 0 4 _a153
_bى د
100 1 _aيحيى الرخاوى
245 1 0 _aدليل الطالب الذكى فى علم النفس والطب النفسى : ج1 فى علم النفس /
_cيحيى الرخاوى
260 _a[S.N] :
_bلجنة الاعلام والدراسات المستقبلية ،
_c1980
300 _a309 ص
490 _a
650 0 4 _aعلم النفس
942 _2ddc
_cBK
999 _c53134
_d53134